[Event "CalChess-ch"]
[Site "Monterey Park"]
[Date "2002.04.07"]
[Round "5"]
[White "Ma, Timothy"]
[Black "Yap, Nicolas A"]
[Result "0-1"]
[WhiteElo "1523"]
[BlackElo "1838"]
[PlyCount "98"]
[EventDate "2002.??.??"]
[EventType "swiss"]
[EventRounds "6"]
[EventCountry "USA"]
[SourceTitle "EXT 2007"]
[Source "ChessBase"]
[SourceDate "2006.11.23"]
[SourceVersion "1"]
[SourceVersionDate "2006.11.23"]
[SourceQuality "1"]

1. e4 c5 2. b4 cxb4 3. d4 d5 4. exd5 Qxd5 5. c4 Qd8 6. Nf3 Nf6 7. Bd3 e6 8. 0-0 Be7 9. Bf4 0-0 10. Nbd2 Nc6 11. Nb3 a5 12. Nc1 b6 13. Ne2 Bb7 14. Ne5 Bd6 15. Qc2 h6 16. Rfd1 Qc7 17. Qb2 Nh5 18. Nxc6 Nxf4 19. Ne5 Bxe5 20. dxe5 Nxd3 21. Rxd3 Rfd8 22. Rg3 Qxc4 23. Rc1 Qd5 24. h3 Rac8 25. Rxc8 Rxc8 26. Kh2 Rd8 27. Qc1 Qxe5 28. Ng1 Kh7 29. Nf3 Bxf3 30. gxf3 g6 31. Qc6 Qd6 32. Qb7 Rd7 33. Qc8 a4 34. Qa6 b3 35. axb3 axb3 36. Qb5 Qd5 37. Qb4 Qd1 38. f4 Rd3 39. Qf8 Rd7 40. Qb4 Rd2 41. Kg2 b2 42. f5 exf5 43. Qc4 Rd7 44. Qb4 b1Q 45. Rxg6 Qxb4 46. Rxh6+ Kg7 47. Rg6+ fxg6 48. h4 Qbg4+ 49. Kh2 Qdg1# 0-1

[Event "CalChess-ch"]
[Site "Monterey Park"]
[Date "2002.04.06"]
[Round "3"]
[White "Subramaniam, Rahul"]
[Black "Yap, Nicolas A"]
[Result "0-1"]
[WhiteElo "1289"]
[BlackElo "1838"]
[PlyCount "70"]
[EventDate "2002.??.??"]
[EventType "swiss"]
[EventRounds "6"]
[EventCountry "USA"]
[SourceTitle "EXT 2007"]
[Source "ChessBase"]
[SourceDate "2006.11.23"]
[SourceVersion "1"]
[SourceVersionDate "2006.11.23"]
[SourceQuality "1"]

1. e4 c5 2. b4 cxb4 3. a3 e6 4. axb4 Nf6 5. e5 Nd5 6. c3 Be7 7. d4 0-0 8. Bd3 f5 9. Ne2 d6 10. 0-0 dxe5 11. dxe5 Nc6 12. f4 a5 13. Bc4 Nb6 14. Qb3 Nxc4 15. Qxc4 Bd7 16. Rd1 Rc8 17. Qd3 Be8 18. bxa5 Bh5 19. Qc2 Qc7 20. Ba3 Nb4 21. Qb2 Nd5 22. Bxe7 Qxe7 23. Rd3 Bxe2 24. Qxe2 Nxf4 25. Qf3 Nxd3 26. Qxd3 Qc5+ 27. Qd4 Qxd4+ 28. cxd4 Rc1+ 29. Kf2 Rfc8 30. Kf3 R8c2 31. g3 Rb2 32. a6 bxa6 33. Rxa6 Rcxb1 34. Rxe6 Rb6 35. Rxb6 Rxb6 0-1

[Event "Sunnyvale LERA-ch 35th"]
[Site "Sunnyvale"]
[Date "2002.03.10"]
[Round "3"]
[White "Lai, John"]
[Black "Yap, Nicolas A"]
[Result "1-0"]
[WhiteElo "1770"]
[BlackElo "1838"]
[PlyCount "105"]
[EventDate "2002.03.09"]
[EventType "swiss"]
[EventRounds "4"]
[EventCountry "USA"]
[SourceTitle "EXT 2007"]
[Source "ChessBase"]
[SourceDate "2006.11.23"]
[SourceVersion "1"]
[SourceVersionDate "2006.11.23"]
[SourceQuality "1"]

1. e4 c5 2. c3 d5 3. exd5 Qxd5 4. d4 e6 5. Nf3 cxd4 6. cxd4 Nf6 7. Nc3 Bb4 8. Bd3 Nc6 9. 0-0 Bxc3 10. bxc3 0-0 11. Bg5 Nd7 12. Qc2 h6 13. Bf4 Nb6 14. Rab1 f5 15. a4 g5 16. Nxg5 hxg5 17. Bxg5 e5 18. Rb5 Qd6 19. a5 Nd5 20. Bc4 Be6 21. Qb3 Nc7 22. Bxe6+ Qxe6 23. d5 Qf7 24. dxc6 Nxb5 25. Qxb5 bxc6 26. Qxe5 Qd5 27. Qg3 Rf7 28. Bf6+ Kf8 29. Qh4 Ke8 30. Qh8+ Rf8 31. Qh5+ Rf7 32. Re1+ Kd7 33. Rd1 Rxf6 34. Rxd5+ cxd5 35. h3 Rc8 36. Qg5 Rf7 37. Qg6 Ke7 38. Qa6 Rc7 39. Qb5 Ke6 40. Qd3 Rc4 41. f3 Rfc7 42. Qe3+ Kd6 43. Qh6+ Kc5 44. Qf8+ Kb5 45. Qxf5 R7c5 46. Qd7+ Ka6 47. h4 Rxc3 48. h5 d4 49. Qxd4 Rc1+ 50. Kf2 Rxh5 51. Qd6+ Kb5 52. Qd7+ Ka6 53. Qe6+ 1-0